Везуха: фантастический роман

Bibliographic Details
Main Author: Чекмаев С. В. Сергей Владимирович
Other Authors: Калинкин М.Н. (иллюстратор)
Summary:Исключено из фонда НТБ ТПУ
Language:Russian
Published: Москва, АСТ, 2005
Series:Звездный лабиринт
Format: MixedMaterials Book
KOHA link:https://koha.lib.tpu.ru/cgi-bin/koha/opac-detail.pl?biblionumber=83602

MARC

LEADER 00000nam0a2200000 4500
001 83602
005 20231031100237.0
010 |b 3000 экз.  |a 517030305X  |b (АСТ)  |b (ЛЮКС) 
010 |a 5-9660-1580-5 
021 |a RU  |b 05-44605  |9 05-2194 
035 |a (RuTPU)RU\TPU\book\89894 
090 |a 83602 
100 |a 20051019d2005 m y0rusy5002 ca 
101 0 |a rus 
102 |a RU 
105 |a y z 000ay 
200 1 |a Везуха  |e фантастический роман  |f Сергей Чекмаев  |g [худож. М. Н. Калинкин] 
210 |a Москва  |c АСТ  |d 2005 
215 |a 428 с.  |d 17 см. 
225 1 |a Звездный лабиринт  |e ЗЛ 
333 |a Исключено из фонда НТБ ТПУ 
700 1 |a Чекмаев  |b С. В.  |g Сергей Владимирович 
702 1 |a Калинкин  |b М.Н.  |4 440 
801 0 |a RU  |b RKP  |c 20050810  |g PSBO 
801 1 |a RU  |b 63413507  |c 20051019  |g PSBO 
801 2 |a RU  |b 63413507  |c 20220429  |g PSBO 
942 |c BK